[Event "Sterlitamak-ch U16 Girls 2"]
[Site "Sterlitamak"]
[Date "2016.08.17"]
[Round "1"]
[White "Khafizova, Dina"]
[Black "Saifullina, Fairuza"]
[Result "1/2-1/2"]
[WhiteElo "1696"]
[BlackElo "1393"]
[PlyCount "127"]
[EventDate "2016.08.17"]
[EventType "tourn"]
[EventRounds "9"]
[EventCountry "RUS"]
[SourceTitle "EXT 2022"]
[Source "ChessBase"]
[SourceDate "2021.10.06"]
[SourceVersion "1"]
[SourceVersionDate "2021.10.06"]
[SourceQuality "1"]

1. e4 e5 2. Nf3 Nc6 3. Bb5 d6 4. d4 Bd7 5. Nc3 Nf6 6. dxe5 Nxe5 7. Nxe5 dxe5 8. Bg5 c6 9. Bd3 Be7 10. 0-0 0-0 11. Qf3 h6 12. Be3 Qc7 13. Ne2 a6 14. h3 Rad8 15. Ng3 Nh7 16. Nf5 Bg5 17. Bxg5 Nxg5 18. Qg4 Kh7 19. h4 Ne6 20. Bc4 g6 21. Ng3 Nd4 22. Qd1 h5 23. c3 Bg4 24. Qc1 Nb5 25. Bxb5 axb5 26. Qe3 Qe7 27. f3 Be6 28. Qg5 Qxg5 29. hxg5 Rd2 30. b3 Rfd8 31. Rfc1 Ra8 32. Nf1 Rdxa2 33. Rxa2 Rxa2 34. b4 b6 35. Ne3 c5 36. Rc2 Ra3 37. Nd5 Rb3 38. Nxb6 cxb4 39. cxb4 Rxb4 40. Rc1 Rd4 41. Rb1 b4 42. Nd5 Bxd5 43. exd5 Kg8 44. d6 Kf8 45. Re1 Ke8 46. Rxe5+ Kd7 47. Re7+ Kxd6 48. Rxf7 b3 49. Rb7 Rd3 50. Kf1 Kc5 51. Ke2 Rc3 52. Kd2 Rc2+ 53. Kd3 Rxg2 54. Rxb3 Rxg5 55. Ke4 h4 56. f4 Rd5 57. Ra3 Rd4+ 58. Ke5 Rd2 59. Rh3 Rd5+ 60. Kf6 Rf5+ 61. Kxg6 Rxf4 62. Kg5 Re4 63. Rxh4 Rxh4 64. Kxh4 1/2-1/2

[Event "Tuimazy RB-ch Girls 00/01"]
[Site "Tuimazy"]
[Date "2015.08.18"]
[Round "5"]
[White "Khafizova, Dina"]
[Black "Martynova, Polina"]
[Result "1-0"]
[WhiteElo "1656"]
[BlackElo "1287"]
[PlyCount "133"]
[EventDate "2015.08.18"]
[EventType "tourn"]
[EventRounds "7"]
[EventCountry "RUS"]
[SourceTitle "EXT 2022"]
[Source "ChessBase"]
[SourceDate "2021.10.06"]
[SourceVersion "1"]
[SourceVersionDate "2021.10.06"]
[SourceQuality "1"]

1. b3 d6 2. Bb2 Nd7 3. Nf3 Ngf6 4. e3 g6 5. Be2 Bg7 6. 0-0 0-0 7. d3 e5 8. Nbd2 Nc5 9. e4 a5 10. h3 a4 11. b4 a3 12. Bxe5 Nxd3 13. Bxf6 Bxf6 14. Bxd3 Bxa1 15. Qxa1 Be6 16. Bc4 d5 17. exd5 Bxd5 18. Qc3 Re8 19. Nb3 Bxc4 20. Qxc4 Qd6 21. Nfd4 c6 22. c3 Rec8 23. Na5 Qe7 24. Nab3 Qd6 25. Re1 Re8 26. Rd1 Qc7 27. Nb5 Qe7 28. N5d4 Red8 29. Qd3 Re8 30. Qf3 Qe4 31. Qg3 Qe5 32. Qd3 Qe4 33. Qd2 Re5 34. Nc5 Qd5 35. Nxb7 Re7 36. Nc5 Rc8 37. Ncb3 Qc4 38. Rc1 Rd7 39. Qe3 Qa6 40. Nc5 Qa7 41. Nxd7 Qxd7 42. Nb3 Re8 43. Qd4 Qc8 44. Rd1 Kf8 45. Kf1 Kg8 46. Qd7 Qa6+ 47. Kg1 Qe2 48. Qd2 Qe6 49. Kf1 Qc8 50. Nc5 Qb8 51. Qd3 Qb5 52. Qxb5 cxb5 53. Nb3 Kg7 54. Nd4 Rd8 55. Ke2 Rd5 56. f4 Kf6 57. Ke3 h5 58. Kf3 Kg7 59. Re1 Kf6 60. Re8 Kg7 61. Rb8 Kf6 62. Rxb5 Rd6 63. Ra5 Rd7 64. Rxa3 Rc7 65. Ra6+ Kg7 66. Ne2 Rc4 67. a4 1-0

[Event "Tuimazy RB-ch Girls 00/01"]
[Site "Tuimazy"]
[Date "2015.08.18"]
[Round "7"]
[White "Nazarova, Kamila"]
[Black "Khafizova, Dina"]
[Result "0-1"]
[WhiteElo "1566"]
[BlackElo "1656"]
[PlyCount "76"]
[EventDate "2015.08.18"]
[EventType "tourn"]
[EventRounds "7"]
[EventCountry "RUS"]
[SourceTitle "EXT 2022"]
[Source "ChessBase"]
[SourceDate "2021.10.06"]
[SourceVersion "1"]
[SourceVersionDate "2021.10.06"]
[SourceQuality "1"]

1. d4 Nf6 2. Bf4 e6 3. Nf3 c5 4. c3 Be7 5. e3 Nh5 6. Bg3 Nxg3 7. hxg3 cxd4 8. exd4 d6 9. Bd3 h6 10. Qe2 Nd7 11. Nbd2 b6 12. Be4 Rb8 13. d5 e5 14. c4 Ba6 15. b3 b5 16. 0-0 bxc4 17. bxc4 0-0 18. Qe3 Qb6 19. Qb3 Nc5 20. Qxb6 Rxb6 21. Bc2 Rc8 22. Rac1 g6 23. Nh4 Kg7 24. f4 exf4 25. Rxf4 Bg5 26. Rf2 Be3 27. Kf1 Bxf2 28. Kxf2 Rb2 29. a3 Ra2 30. Nhf3 Rxa3 31. Bb1 Rb8 32. Rc2 Bc8 33. Nd4 Nd3+ 34. Kf1 Bd7 35. Ra2 Rxa2 36. Bxa2 Nc1 37. Bb1 Rb2 38. N4b3 Nxb3 0-1

[Event "Tuimazy RB-ch Girls 00/01"]
[Site "Tuimazy"]
[Date "2015.08.18"]
[Round "2"]
[White "Saifullina, Fairuza"]
[Black "Khafizova, Dina"]
[Result "0-1"]
[WhiteElo "1400"]
[BlackElo "1656"]
[PlyCount "120"]
[EventDate "2015.08.18"]
[EventType "tourn"]
[EventRounds "7"]
[EventCountry "RUS"]
[SourceTitle "EXT 2022"]
[Source "ChessBase"]
[SourceDate "2021.10.06"]
[SourceVersion "1"]
[SourceVersionDate "2021.10.06"]
[SourceQuality "1"]

1. e4 e5 2. Nc3 Nf6 3. g3 Nc6 4. Bg2 d6 5. h3 Be7 6. Nge2 0-0 7. 0-0 h6 8. d3 Nh7 9. d4 exd4 10. Nxd4 Bd7 11. Be3 Bf6 12. Qd2 Bxd4 13. Bxd4 Nxd4 14. Qxd4 Qf6 15. Qxf6 Nxf6 16. Rad1 Bc6 17. Rfe1 Rfe8 18. Nd5 Bxd5 19. exd5 Kf8 20. Kf1 Nd7 21. Bf3 Rxe1+ 22. Rxe1 Re8 23. c4 Rxe1+ 24. Kxe1 Ne5 25. Be2 Ke7 26. f4 Nd7 27. Kd2 Kf6 28. a3 g5 29. fxg5+ hxg5 30. Ke3 Ke5 31. g4 Nf8 32. Bf3 Ng6 33. b3 Nf4 34. b4 Nxh3 35. c5 Nf4 36. cxd6 cxd6 37. Kd2 Nxd5 38. Kc2 Ne3+ 39. Kd3 Nd5 40. Kc4 Nb6+ 41. Kd3 d5 42. Bd1 Nc4 43. a4 Nb2+ 44. Kd2 Nxd1 45. Kxd1 Kd4 46. Kd2 Kc4 47. b5 b6 48. Kc2 d4 49. Kd2 d3 50. Kd1 Kc3 51. Kc1 d2+ 52. Kd1 f6 53. a5 bxa5 54. b6 axb6 55. Ke2 Kc2 56. Ke3 d1Q 57. Ke4 Qd6 58. Kf5 Qe5+ 59. Kg6 Kd3 60. Kh5 f5 0-1